000 00579cam a22002055a 4500
001 L158585
008 150506s2014 xxk f 000 0 eng d
020 _a9781859465288
035 _a(Sirsi) u158585
041 0 _aeng
050 0 4 _a690.2
100 1 _aMordue, Stefan
245 0 0 _aBIM construction for health and safety
260 _aNewcastle
_bRIBA
_c2014
520 _aA guide explaining the basic principles of BIM in the health and safety for industry professionals
521 _aAdvanced
651 4 _aUnited Kingdom
_y
700 1 _aFinch, Roland
942 _n0
999 _c115402
_d115402